Größte Städte Hessen - Statistiken

Allgemein
  • Dieses Quiz wurde 66 mal gespielt
  • Das Durchschnittsergebnis liegt bei 9 aus 10
Antwortstatistiken
Einwohner Antwort % Korrekt
779.000 Frankfurt am Main
98%
197.000 Kassel
98%
300.000 Wiesbaden
96%
168.000 Darmstadt
95%
92.000 Gießen
95%
134.000 Offenbach am Main
93%
105.000 Hanau
88%
71.000 Fulda
84%
74.000 Marburg
81%
66.000 Rüsselsheim am Main
60%
Keine übereinstimmenden Quizze gefunden
Verteilung der Resultate
Anzahl Personen mit jedem Resultat
Perzentil nach korrekt beantworteten Fragen
Ihre Resultats-Entwicklung
Sie haben dieses Quiz noch nicht gespielt